000 01415cam a22004454i 4500
003 PE-LiUPU
005 20250731173243.0
008 150625s r 000 0 d
020 _a8433006428
035 _a(Sirsi) i9788433006424
040 _aPE-LiUPU
_bspa
_cPE-LiUPU
_erda
049 _aPRUA
082 0 4 _a238
_bB74
_221
100 1 _aBorobio,Dionicio,
_eautor.
245 1 0 _aSacramentos en comunidad :
_bcomprender, celebrar, vivir para una catequesis a jóvenes adultos /
_cDionisio Borobio.
250 _a3a
264 1 _aBilbao :
_bDesclée de Brouwer, D.L.,
_c1987 .
300 _a321 páginas ;
_c22 centímetros
336 _atext
_2rdacontent
337 _aunmediated
_2rdamedia
338 _avolume
_2rdacarrier
526 _aSEG42
526 _aSEG41
526 _aSEG40
526 _aSEG39
526 _aP94
526 _aP87
526 _aP86
526 _aP85
526 _aP77
526 _aP76
526 _aP35
650 0 4 _aSacramentos.
_93253
942 _2ddc
_cBOOK
949 _a238 B74
_wDEWEY
_c1
_i28898
_lCCODEBUL1
_mBUL
_r0
_sY
_tBOOK
_u2015-6-25
_xTEOLOGIA
_zUNKNOWN
_0COMPRA
_o.STAFF. Colección General
994 _aC0
_bPEPRU
596 _a1
999 _a238 B74
_wDEWEY
_c43312
_i28898
_f2021-11-11
_g5
_lCCODEBUL1
_mBUL
_r0
_sY
_tBOOK
_u2015-6-25
_xTEOLOGIA
_zUNKNOWN
_0COMPRA
_o.STAFF. Colección General
_d43312
980 _81
_gALBERTO SANCHEZ Responsable de Automatización